5HLuxD.jpg

KING HENRY VIII SENIOR AND PRIMARY SCHOOL LIBRARY OPAC

Howards End / (Record no. 2898)

000 -LEADER
fixed length control field 01085pam a2200301 a 4500
003 - CONTROL NUMBER IDENTIFIER
control field OSt
005 - DATE AND TIME OF LATEST TRANSACTION
control field 20230911101720.0
008 - FIXED-LENGTH DATA ELEMENTS--GENERAL INFORMATION
fixed length control field 140903s2012 enk e 000 1 eng|d
020 ## - INTERNATIONAL STANDARD BOOK NUMBER
International Standard Book Number 9780141199405
040 ## - CATALOGING SOURCE
Original cataloging agency StDuBDS
Language of cataloging eng
Transcribing agency StDuBDS
Modifying agency Uk
-- CaOL
-- KH8
Description conventions rda
082 ## - DEWEY DECIMAL CLASSIFICATION NUMBER
Classification number 823.912 FOR
100 1# - MAIN ENTRY--PERSONAL NAME
Personal name Forster, E. M.
Fuller form of name (Edward Morgan),
Dates associated with a name 1879-1970,
Relator term author.
245 10 - TITLE STATEMENT
Title Howards End /
Statement of responsibility, etc. E.M. Forster.
264 #1 - PRODUCTION, PUBLICATION, DISTRIBUTION, MANUFACTURE, AND COPYRIGHT NOTICE
Place of production, publication, distribution, manufacture London :
Name of producer, publisher, distributor, manufacturer Penguin English Library,
Date of production, publication, distribution, manufacture, or copyright notice 2012.
300 ## - PHYSICAL DESCRIPTION
Extent 381 pages ;
Dimensions 20 cm.
336 ## - CONTENT TYPE
Content type term text
Source rdacontent.
337 ## - MEDIA TYPE
Media type term unmediated
Source rdamedia.
338 ## - CARRIER TYPE
Carrier type term volume
Source rdacarrier.
490 1# - SERIES STATEMENT
Series statement Penguin English Library.
500 ## - GENERAL NOTE
General note Includes the essay, "Howards End" by Lionel Trilling, copyright 1943.
500 ## - GENERAL NOTE
General note First published in Great Britain by Edward Arnold, 1910.
650 #0 - SUBJECT ADDED ENTRY--TOPICAL TERM
Topical term or geographic name entry element Sisters
Form subdivision Fiction.
650 #0 - SUBJECT ADDED ENTRY--TOPICAL TERM
Topical term or geographic name entry element Social classes
Geographic subdivision England
Form subdivision Fiction.
651 #0 - SUBJECT ADDED ENTRY--GEOGRAPHIC NAME
Geographic name Great Britain
General subdivision Social life and customs
Chronological subdivision 19th century
Form subdivision Fiction.
651 #0 - SUBJECT ADDED ENTRY--GEOGRAPHIC NAME
Geographic name Great Britain
General subdivision History
Chronological subdivision Edward VII, 1901-1910
Form subdivision Fiction.
830 #0 - SERIES ADDED ENTRY--UNIFORM TITLE
Uniform title Penguin English library.
942 ## - ADDED ENTRY ELEMENTS (KOHA)
Source of classification or shelving scheme
Koha item type Teaching Resources
Holdings
Withdrawn status Lost status Source of classification or shelving scheme Damaged status Not for loan Collection code Permanent Location Current Location Shelving location Date acquired Full call number Barcode Date last seen Price effective from Koha item type
          Teaching Resources KH8 Senior School Library KH8 Senior School Library Staff Office 2023-09-11 823.912 FOR TRKHSL002651 2023-09-11 2023-09-11 Teaching Resources
          Teaching Resources KH8 Senior School Library KH8 Senior School Library Staff Office 2023-09-11 823.912 FOR TRKHSL002652 2023-09-11 2023-09-11 Teaching Resources
          Teaching Resources KH8 Senior School Library KH8 Senior School Library Staff Office 2023-09-11 823.912 FOR TRKHSL002653 2023-09-11 2023-09-11 Teaching Resources
          Teaching Resources KH8 Senior School Library KH8 Senior School Library Staff Office 2023-09-11 823.912 FOR TRKHSL002654 2023-09-11 2023-09-11 Teaching Resources
          Teaching Resources KH8 Senior School Library KH8 Senior School Library Staff Office 2023-09-11 823.912 FOR TRKHSL002655 2023-09-11 2023-09-11 Teaching Resources
          Teaching Resources KH8 Senior School Library KH8 Senior School Library Staff Office 2023-09-11 823.912 FOR TRKHSL002656 2023-09-11 2023-09-11 Teaching Resources
          Teaching Resources KH8 Senior School Library KH8 Senior School Library Staff Office 2023-09-11 823.912 FOR TRKHSL002657 2023-09-11 2023-09-11 Teaching Resources
          Teaching Resources KH8 Senior School Library KH8 Senior School Library Staff Office 2023-09-11 823.912 FOR TRKHSL002658 2023-09-11 2023-09-11 Teaching Resources
          Teaching Resources KH8 Senior School Library KH8 Senior School Library Staff Office 2023-09-11 823.912 FOR TRKHSL002659 2023-09-11 2023-09-11 Teaching Resources

Powered By KH8 IT Dept